Las aventuras de Pinocho /

El anciano Gepeto crea un muñeco de madera al que llama Pinocho. De forma inesperada, este cobra vida y, desde el primer momento, se verá envuelto en una serie de extraordinarias aventuras en las que tendrá que escoger entre hacer las cosas bien o mal. Pero, en el fondo, Pinocho es valiente y tiene...

Descripción completa

Guardado en:
Autor Principal: Collodi, Carlo.
Otros Autores: Martínez Enciso, Katherine; adapt., Folgueira, Rodrigo; il.
Formato: Libro
Idioma:Undetermined
Publicado: Buenos Aires : Camino al sur, 2018.
Edición:1a ed.
Series:LiteraTubers
Materias:
Etiquetas: Agregar Etiqueta
Sin Etiquetas, Sea el primero en etiquetar este registro!
LEADER 01214nam a22002415a 4500
001 CEM.cems021347
008 240807s2018####ag############000#0#und#d
005 20240807174439.0
245 1 0 |a Las aventuras de Pinocho /  |c Carlo Collodi ; adaptado por Katherine Martínez Enciso ; ilustrado por Rodrigo Folgueira. 
250 |a 1a ed. 
260 |a Buenos Aires :  |b Camino al sur,  |c 2018. 
300 |a 208 p. 
490 1 |a LiteraTubers 
500 |a A partir de 9 años. 
520 |a El anciano Gepeto crea un muñeco de madera al que llama Pinocho. De forma inesperada, este cobra vida y, desde el primer momento, se verá envuelto en una serie de extraordinarias aventuras en las que tendrá que escoger entre hacer las cosas bien o mal. Pero, en el fondo, Pinocho es valiente y tiene buen corazón y, con la ayuda del grillo-parlante y el hada azul, encontrará la forma de ser un niño obediente. 
020 |a 9789874677907 
100 1 |a Collodi, Carlo. 
700 1 |a Martínez Enciso, Katherine; adapt. 
700 1 |a Folgueira, Rodrigo; il. 
653 |a Literatura italiana 
653 |a Literatura infantil 
653 |a Narrativa infantil 
859 |a CEMS  |b BIB. CEMS - Inicial y Primaria  |h 858.2  |i C698-1  |k IP  |p 6838  |t Ej.1